000 02470nam a22003017a 4500
003 EG-GICUC
005 20260121101156.0
008 251107s1991 ua ||||fr|||| 00| 0 ara d
040 _a EG-GICUC
_bara
_c EG-GICUC
_d EG-GICUC
_erda
041 _aara
082 0 4 _221
_a343.382
_bم ح . م
092 0 4 _221
099 _aLaw1 10 343.382 1991
100 0 _aمحمد عبدالمنعم سالم
_eمؤلف.
245 _aمدلول الحكم الجنائى :
_bمن حيث الصحة والقوة /
_nمحمد عبدالمنعم سالم
264 _aالإسكندرية :
_bمنشأة المعارف ,
_c1991.
300 _a165 صفحة;
_c24 سم
336 _2rda content
_atext
337 _2rda media
_aComputer
338 _2rda carrier
_aOnline Resource
505 _aه ما هية الحكم الجنائي وشروط صحته - شروط شكلية - شروط موضوعية ج ٢٠٠٠ التسبيب - بيانات المنطوق. . البيانات التي يحتويها الحكم الجنائي وأثر أغفالها بيانات الديباجة - بيانات تميز الحكم الجنائي عن الفكر التي تلتبس به - الأمر الجنائي - أمر الأمر بأن لا وجه لاقامة الدعوى. الحمل مظاهر قوة الحكم الجنائي - النتيجة الحتمية لفرض حجية الجنائي على تميز الحكم الجنائي البات عن الحكم النهائي - صور الحكم الجنائي البات التكيف القانوني لقوة الحكم الجنائي البات - الآثار التي تترتب على وحدة ) بين الدعوتين الجنائية والمدنية. سلطة المحكمة الجنائية في الفصل في المسائل العارضة - المسائل التي توجب وقف الدعوى الجنائية والمسائل التي تجيز وقفها . المصلحة القانونية التي تحميها قوة الحكم الجنائي البات - فكرة العدالة وكفالة الحريات - فكرة الأمن القانوني التمييز بين قوة الأمر المقضي وحجية الأمر المقضي
546 _aالنص باللغة العربية
650 1 _aقانون جنائي
650 1 _aأركان وشروط الأحكام الجنائية
856 4 0 _uhttps://fll.law.cu.edu.eg/fulltext/bks/B10-05876.pdf
905 _a44
_eYara
942 _2ddc
_cBK
_e21
_n0
999 _c41696
_d41696